Diseño estructural de pavimento articulado del sub tramo de carreta Condega – San Diego 4.00 km en el municipio de Condega, departamento Estelí
Presenta el diseño estructural de pavimento articulado del sub tramo de carreta Condega – San Diego 4.00 km en el municipio de Condega, departamento Estelí mediante el análisis físico mecánico del tramo en estudio así como la realización de un foro vehicular con la finalidad de la proyecció...
| Main Authors: | , , |
|---|---|
| Other Authors: | |
| Format: | Tesis Section = Libro |
| Language: | Undetermined Spanish |
| Published: |
Managua
UNI/RUACS
2017
|
| Subjects: |
| LEADER | 01422nam a2200289Ia 4500 | ||
|---|---|---|---|
| 008 | 240830s9999 xx 000 0 und d | ||
| 040 | |a BIBLIOTECA-RUPAP Mon 625.85 H557 | ||
| 041 | |a spa | ||
| 082 | |a Mon 625.85 H557 | ||
| 100 | 1 | |a Hernández Castellón, Okrania Jocelyn | |
| 100 | 1 | |b Mairena Vilchez, Itzell Anais | |
| 100 | 1 | |c Talavera Rodriguez, Hamerlyng Josue | |
| 245 | 1 | 0 | |a Diseño estructural de pavimento articulado del sub tramo de carreta Condega – San Diego 4.00 km en el municipio de Condega, departamento Estelí |
| 260 | |a Managua |b UNI/RUACS |c 2017 | ||
| 300 | |a 107 p. :il. | ||
| 500 | |a Contiene anesos y CD | ||
| 502 | |a Tesis (Ingeniero Civil)- UNI, 2017. | ||
| 520 | 3 | |a Presenta el diseño estructural de pavimento articulado del sub tramo de carreta Condega – San Diego 4.00 km en el municipio de Condega, departamento Estelí mediante el análisis físico mecánico del tramo en estudio así como la realización de un foro vehicular con la finalidad de la proyección del TPDA y el cálculo de las cargas que actuaran en la estructura. | |
| 650 | 7 | |a PAVIMENTO DE HORMIGON- DISEÑO | |
| 650 | 7 | |b CARRETERA – MANTENIMIENTO Y REPARACION | |
| 650 | 7 | |c MATERIALES PARA CARRETERAS | |
| 650 | 7 | |d ESTRUCTURAS DE PAVIMENTOS | |
| 650 | 7 | |e ESTUDIO DE IMPACTO AMBIENTAL | |
| 700 | 1 | |a Tutor: |b Bustamante Arteaga, José Fernando | |
| 942 | |c BK |2 ddc | ||
| 991 | |a TESIS | ||
| 999 | |c 16100 | ||